| 000 | 00811nam a2200205 a 4500 | ||
|---|---|---|---|
| 003 | BD-JhCC | ||
| 005 | 20250426130535.0 | ||
| 008 | 171128s20142024bg |||| ||a| 000 0 ben d | ||
| 035 | _a(BD-JhCC) | ||
| 040 |
_aBD-JhCC _dBD-JhCC |
||
| 041 | _aben | ||
| 082 |
_a891.445 _bKAB 2024 |
||
| 100 | _a কবীর, ড. সোলায়মান | ||
| 245 |
_aবাংলা ব্যাকরণ ও নির্মি র্তি-২য় পত্র একাদশ ও দ্বাদশ শ্রেণী / _cড. সোলায়মান কবীর, মনিরুল মোমেন |
||
| 260 |
_aঢাকা : _bঅক্ষরপত্র প্রকাশনী; _c2024. |
||
| 300 |
_a992 p. : _c23 cm |
||
| 650 |
_aBengali Language _xGrammer |
||
| 942 |
_2ddc _cBK |
||
| 999 |
_c4589 _d4589 |
||